| 000 | 00786cam a22002291 4500 | ||
|---|---|---|---|
| 001 | ne 68001335 | ||
| 003 | DLC | ||
| 005 | 20260227111840.0 | ||
| 008 | 930401s1966 tu acf b 000 0 tur | ||
| 010 | _ane 68001335 | ||
| 035 | _a(OCoLC)27842738 | ||
| 040 |
_aDLC _cCU _dCU _dDLC |
||
| 050 | 0 | 0 |
_aDR429 _b.O84 |
| 100 | 1 | _aOtyam, Fikret. | |
| 245 | 1 | 0 |
_aOy Fırat, _bâsî Fırat; denizi yiyenler; yaşama duvarı; kızamık melekleri. Gezi notları. |
| 260 |
_aAnkara, _bGenel dağıtım; Yalım Kitabevi, _c1966. |
||
| 300 |
_a184 p. _billus., plates, ports. _c17 cm. |
||
| 400 | 1 | 0 |
_aOtyam, Fikret. _tGide gide, _v8 |
| 500 | _aCollection of articles previously published in various periodicals. | ||
| 504 | _aBibliographical footnotes. | ||
| 651 | 0 |
_aTurkey _xDescription and travel. |
|
| 999 |
_c50274 _d50274 |
||